书目信息 |
| 题名: |
咨询就是生活
|
|
| 作者: | 陈立华 , 李雪 著 | |
| 分册: | ||
| 出版信息: | 北京 人民邮电出版社 2007 |
|
| 页数: | 10,180页 | |
| 开本: | 24cm | |
| 丛书名: | 正略钧策管理丛书 | |
| 单 册: | ||
| 中图分类: | C932.82 | |
| 科图分类: | ||
| 主题词: | 咨询公司--企业管理--中国 , 咨询公司 , 企业管理 | |
| 电子资源: | ||
| ISBN: | 978-7-115-16651-7 | |
| 000 | 01094oam2 2200289 450 | |
| 001 | 1231917525 | |
| 005 | 20121004085229.32 | |
| 010 | @a978-7-115-16651-7@dCNY28.00 | |
| 100 | @a20070402d2007 em y0chiy50 ea | |
| 101 | 0 | @achi |
| 102 | @aCN@b110000 | |
| 105 | @ay z 000yy | |
| 200 | 1 | @a咨询就是生活@Azi xun jiu shi sheng huo@e正略钧策十五周年(1992-2007)@f陈立华,李雪著 |
| 210 | @a北京@c人民邮电出版社@d2007 | |
| 215 | @a10,180页@d24cm | |
| 225 | 2 | @a正略钧策管理丛书 |
| 330 | @a本书刻画了正略钧策管理咨询公司的十五年发展历程,真实再现了咨询顾问工作和生活形态,并从侧面描绘了当今中国企业发展和内部管理的真实现状。全书共分两部分:第一部分为“理想者”,第二部分为“实践派”。 | |
| 461 | 0 | @12001 @a正略钧策管理丛书 |
| 517 | 1 | @a正略钧策十五周年(1992-2007)@Azheng lüe jun ce shi wu zhou nian (1992-2007) |
| 606 | 0 | @a咨询公司@x企业管理@y中国 |
| 606 | 0 | @a咨询公司 |
| 606 | 0 | @a企业管理 |
| 690 | @aC932.82@v4 | |
| 701 | 0 | @a陈立华@Achen li hua@c(管理咨询)@4著 |
| 701 | 0 | @a李雪@Ali xue@c(女,管理咨询)@4著 |
| 801 | 0 | @aCN@bNLC@c20101222 |
| 905 | @a10447@dC932.82@eJY357 | |
| 咨询就是生活:正略钧策十五周年(1992-2007)/陈立华,李雪著.-北京:人民邮电出版社,2007 |
| 10,180页;24cm.-(正略钧策管理丛书) |
| ISBN 978-7-115-16651-7:CNY28.00 |
| 本书刻画了正略钧策管理咨询公司的十五年发展历程,真实再现了咨询顾问工作和生活形态,并从侧面描绘了当今中国企业发展和内部管理的真实现状。全书共分两部分:第一部分为“理想者”,第二部分为“实践派”。 |
| ● |
| 相关链接 |
|
|
|
|
正题名:咨询就是生活
索取号:C932.82/JY357
 
预约/预借
| 序号 | 登录号 | 条形码 | 馆藏地/架位号 | 状态 | 备注 |
| 1 | 7810957 | 278109574 | 学院路分馆/ [索取号:C932.82/JY357] | 在馆 | |
| 2 | 7810958 | 278109583 | 学院路分馆/ [索取号:C932.82/JY357] | 在馆 |